| 000 | 01563nam a2200325 i 4500 | ||
|---|---|---|---|
| 001 | bg | ||
| 100 | 1 |
_aKincaid, David _d(1942- ). |
|
| 245 | 1 | 0 |
_aAnaliza numeryczna / _cDavid Kincaid, Ward Cheney ; w przekł. i pod red. Stefana Paszkowskiego. |
| 246 |
_iTyt. oryg.: _aNumerical analysis : mathematics of scientific computing |
||
| 260 |
_aWarszawa : _bWydawnictwa Naukowo-Techniczne, _c2006. |
||
| 300 |
_aXXVII, [1], 691, [1] s. : _bil. ; _c25 cm. |
||
| 500 | _aTyt. oryg.: "Numerical analysis : mathematics of scientific computing" 2002. | ||
| 504 | _aBibliogr. s. 672-684. Indeks. | ||
| 521 | _aDla studentów kierunków ścisłych na uniwersytetach, studentów uczelni technicznych i dla osób korzystających z metod analizy numerycznej w pracy zawodowej, gł. informatyków. | ||
| 650 | 9 | _aAnaliza numeryczna | |
| 655 | _aPodręczniki akademickie | ||
| 700 | 1 |
_aCheney, E. W. _d(1929- ). |
|
| 700 | 1 |
_aPaszkowski, Stefan. _eTł. |
|
| 020 | _a832043078X | ||
| 040 | _cBPK | ||
| 041 | 1 |
_apol _heng |
|
| 080 | _a519.61/.64 | ||
| 080 | _a(075.8) | ||
| 920 | _a83-204-3078-X | ||
| 942 | _cKS | ||
| 008 | 060216s2006 pl f |000 0 pol | ||
| 999 |
_c51367 _d51367 |
||
| 856 |
_uhttp://koha.tu.koszalin.pl/cgi-bin/koha/opac-detail.pl?biblionumber=51367 _yKatalog online BPK |
||